10 Things That Have Hardly Changed In 100 Years - Statistics

General Stats
  • This quiz has been taken 107 times
  • The average score is 7 of 10
Answer Stats
Hint Answer % Correct
A wheeled motor vehicle used for personal transportation. The Car
96%
A form of communication that uses a metal wire or optical fiber line for transmission. The Landline Telephone
96%
A device that, when heated, is used to press clothes to remove creases and help prevent the spread of infectious disease. The Iron
95%
A form of transport consisting of a series of connected vehicles for the transport of cargo and/or passengers. The Train
95%
A piece of hardware used for the collection or disposal of human urine and feces. The Flush Toilet
81%
A globular device that produces visible light from electric current. The Incandescent Light Bulb
76%
A portable, long-barreled firearm designed for long-range precision shooting. The Rifle
73%
A water vessel propelled partly or entirely by sails. The Sailboat
57%
An instrument created or adapted to make musical sounds. Musical Instrument
49%
A hand-held physical support for extended written compositions or records The Book
23%
No matching quizzes found
Score Distribution
Percent of People with Each Score
Percentile by Number Answered
Your Score History
You have not taken this quiz